Disney - Statistiques

Statistiques générales
  • Ce quiz a été pris 239 fois
  • Le résultat moyen est 15 sur 16
Statistiques - réponses
Par images Réponse % Correct
Winnie l'ourson
99%
Cendrillon
98%
Dumbo
98%
La reine des neige
98%
Rebelle
98%
La belle et la bête
97%
Le roi lion
97%
La belle et le clochard
96%
La petite
96%
La princesse et la grenouille
96%
Blanche neige
95%
Aladin
94%
Raiponce
90%
Alice au pays des merveilles
86%
La belle au bois dormant
80%
Mickey Mouse
78%
Aucun quiz correspondant
Distribution des résultats
% des personnes avec chaque résultat
Percentile par nombre de réponses
Votre historique - résultats
Vous n’avez pas pris ce quiz